00919nam a2200265Ia 450000500170000000800410001702000150005810000170007324500810009025000190017130000660019053400260025665000420028265000400032465000370036465000370040170000190043870000320045726400300048933600270051933700330054633800280057904000350060708400110064220220317000737.0160601s2004 sp a g 000 0 spa  a84488195351 aGutman, Anne10aQuiero un canguro! cAnne Gutman, Xavier Deneux ; traducción María Casas a1a. edición  a[14] páginas sin enumerar bilustraciones en color c17 cm  tJe veux un kangourou!142LEMBaÁlbumes infantiles franceses 142LEMBaLiteratura infantil francesa 142LEMBaCanguros en la literatura 142LEMB aNiñas en la literatura 1 aDeneux, Xavier1 aCasas, María,etraductor  aBarcelona bBeascoac2004 atextobtxt2rdacontent asin mediaciónbn2rdamedia avolumenbnc2rdacarrier aCO-BoRNBPbspaerdacCO-BoRNBP aA GUT1